[Event "Padova op-A 5th"]
[White "Valentini, Paola"]
[Black "Capuzzo, Alberto"]
[Site "Padova"]
[Round "3.24"]
[Result "1/2-1/2"]
[Date "2002.12.15"]
[WhiteElo "1732"]
[BlackElo "1600"]
[PlyCount "103"]
[EventDate "2002.12.14"]
[EventType "swiss"]
[EventRounds "6"]
[EventCountry "ITA"]
[SourceTitle "EXT 2023"]
[Source "ChessBase"]
[SourceDate "2022.10.05"]
[SourceVersion "1"]
[SourceVersionDate "2022.10.05"]
[SourceQuality "1"]

1. c4 d5 2. cxd5 Qxd5 3. Nc3 Qd8 4. g3 Nf6 5. Bg2 g6 6. Nf3 Bg7 7. d3 0-0 8. 0-0 c6 9. Bd2 Nbd7 10. Qc1 Nb6 11. Bh6 Bg4 12. h3 Bxf3 13. Bxf3 Qd7 14. Kg2 e6 15. Rh1 Nfd5 16. h4 f5 17. h5 Rf6 18. Bg5 Rf7 19. hxg6 hxg6 20. Bh6 Bf6 21. Rh2 Rh7 22. Nxd5 Nxd5 23. Qd2 Kf7 24. Rah1 Rah8 25. b3 Qd8 26. Be3 Rxh2+ 27. Rxh2 Rxh2+ 28. Kxh2 Bc3 29. Qc1 Qh8+ 30. Kg2 Nxe3+ 31. Qxe3 Bd4 32. Qg5 Qf8 33. Qh4 Qh8 34. Qf4 Qe5 35. Qh6 Qa5 36. Qh4 Bf6 37. Qa4 Qxa4 38. bxa4 Ke7 39. e3 Bc3 40. Bd1 Kd6 41. Bb3 a5 42. d4 b5 43. Kf3 g5 44. Ke2 e5 45. dxe5+ Kxe5 46. f3 Bb4 47. Kd3 Be1 48. g4 fxg4 49. fxg4 Kd6 50. axb5 cxb5 51. Kd4 a4 52. Bg8 1/2-1/2